Classificatory model and user evaluation of CATCHA.COM.MY : a Malaysian web portal /
Saved in:
| Main Author: | |
|---|---|
| Format: | Thesis |
| Language: | English |
| Published: |
Gombak, Selangor :
Kulliyyah of Information and Communication Technology, International Islamic University Malaysia,
2005
|
| Subjects: | |
| Online Access: | Click here to view 1st 24 pages of the thesis. Members can view fulltext at the specified PCs in the library. |
| Tags: |
Add Tag
No Tags, Be the first to tag this record!
|
| LEADER | 022840000a22004090004500 | ||
|---|---|---|---|
| 001 | 354704 | ||
| 005 | 20230419131747.0 | ||
| 008 | 060629t2005 my a g 000 0 eng d | ||
| 035 | |a (Sirsi) 354704 | ||
| 040 | |a UIAM |b eng | ||
| 041 | 0 | |a eng | |
| 043 | |a a-my-- | ||
| 050 | 0 | 0 | |a ZA4201 |
| 100 | 1 | |a Lukmanul Hakim |9 8569 | |
| 245 | 1 | 0 | |a Classificatory model and user evaluation of CATCHA.COM.MY : |b a Malaysian web portal / |c by Lukmanul Hakim |
| 260 | |a Gombak, Selangor : |b Kulliyyah of Information and Communication Technology, International Islamic University Malaysia, |c 2005 | ||
| 300 | |a xiv, 160 leaves. : |b ill. ; |c 30 cm. | ||
| 336 | |2 rdacontent | ||
| 337 | |2 rdamedia | ||
| 338 | |2 rdacarrier | ||
| 500 | |a "A thesis submitted in partial fulfilment of the requirement for the Degree of Master of Library and Information Science."--On t.p. | ||
| 500 | |a Abstracts in English and Arabic. | ||
| 502 | |a Thesis (MLIS) -- International Islamic University Malaysia, 2005. | ||
| 504 | |a Includes bibliographical references (leaves 136-139) and index. | ||
| 530 | |a Also available on (4 3/4 in.) computer optical laser disc. | ||
| 650 | 0 | |a Web portals |z Malaysia |9 66993 | |
| 655 | 0 | 7 | |a Theses, IIUM local |
| 690 | 0 | |a Dissertations, Academic |x Kulliyyah of Information and Communication Technology |z IIUM |9 4793 | |
| 710 | 2 | |a International Islamic University Malaysia. |b Kulliyyah of Information and Communication Technology |9 4794 | |
| 730 | 4 | |a Classificatory model and user evaluation of CATCHA.COM.MY : a Malaysian web portal (Computer file) |9 90166 | |
| 856 | 4 | |u http://studentrepo.iium.edu.my/handle/123456789/5646 |y Click here to view 1st 24 pages of the thesis. Members can view fulltext at the specified PCs in the library. | |
| 900 | |a hj-ajt-naw | ||
| 942 | |2 lcc |n 0 | ||
| 999 | |c 433891 |d 465235 | ||
| 952 | |0 0 |6 T ZA 4201 L954C 2005 |7 0 |8 THESES |9 755374 |a IIUM |b IIUM |c MULTIMEDIA |g 0.00 |o t ZA 4201 L954C 2005 |p 00001049255 |r 2017-11-24 |t 1 |v 0.00 |y THESIS | ||
| 952 | |0 0 |6 LU T ZA 4201 L954C 2005 |7 0 |8 THESES |9 755481 |a IIUM |b IIUM |c CLOSEACCES |g 0.00 |o lu t ZA 4201 L954C 2005 |p 00011274345 |r 2017-10-25 |t 1 |v 0.00 |y THESIS | ||
| 952 | |0 0 |6 TS CDF ZA4201L954C 2005 |7 0 |8 THESES |9 824078 |a IIUM |b IIUM |c MULTIMEDIA |g 0.00 |o ts cdf ZA4201L954C 2005 |p 11100326965 |r 2017-10-26 |t 1 |v 0.00 |y THESISDIG | ||
